LEADER 01117nam a2200253 i 4500 001 000000154758 003 CaOOAMICUS 005 20090402000000.0 008 090402s1973 it u000 u ita u 013 $a132106 040 $aSeMil$bita 100 1 $aBrera, Gianni,$d<1919-1992>.$0(OLS)http://semarc/name/58632 245 10$aPo /$cGianni Brera ; Pepi Merisio. 260 $aMilano :$bDalmine,$cstampa 1973. 300 $a147 p. :$briccamente ill. ;$c32 cm. + [1] c. di tav. 500 $aIn allegato : Litografia originale appositamente eseguita su torchi a mano di Franco Sciardelli, in 100 esempl. numer. e firmati dall'Autore. - In custodia 43x35 cm. - Fondo Card. Giovanni Colombo. 650 4$aPo .$0(OLS)http://semarc/subject/10163 700 1 $aMerisio, Pepi,$d<1931- >.$0(OLS)http://semarc/name/5797 850 $aSeMil 852 $aSeMil$W1$xVenegono$y1$m5O XII 16$j106614$B106614$CSeMilBibl$Z2$F140737 $8I 941 1 $a3 961 $aLascito: Colombo Card. Giovanni 996 $6245$aPo$9(OLS)http://semarc/title/226549 996 $6260$aMilano :$bDalmine$9(OLS)http://semarc/publisher/48083 LEADER 01141nam a2200265 i 4500 001 000000250113 003 CaOOAMICUS 005 20160713000000.0 008 160713s2016 it u000 u ita u 013 $a229018 020 $a978-88-6671-262-6 040 $aSeMil$bita 245 10$aVilla Sacro Cuore :$bcasa di spiritualità della Diocesi di Milano. 260 $aGorle :$bVelar,$c2016. 260 $aCascine Vica (TO) :$bElledici,$c2016. 300 $a47 p. :$bricc. ill. ;$c21 cm. 490 0 $aI luoghi della fede : santuari, chiese, abbazie ;$v51 830 2$aI luoghi della fede. Santuari, chiese, abbazie ;$v51.$0(OLS)http://semarc/title/33960 850 $aSeMil 852 $aSeMil$W1$xVenegono$y1$m5B III 48/9$j200459$B200459$CSeMilBibl$Z2$F212643 $81 961 $aOmaggio: Altro 996 $6020$a978-88-6671-262-6$9(OLS)http://semarc/number/260473 996 $6245$aVilla Sacro Cuore :$bcasa di spiritualità della Diocesi di Milano$9(OLS)http://semarc/title/352333 996 $6260$aCascine Vica (TO) :$bElledici$9(OLS)http://semarc/publisher/36404 996 $6260$aGorle :$bVelar$9(OLS)http://semarc/publisher/33489 LEADER 00978nam a2200265 4500 001 000000359954 003 CaOOAMICUS 005 20240925160415.0 008 240925s2008 it 000 u ita r 020 $a978-88-11-68652-1 040 $aSeMil$bita 100 1 $aVitali, Andrea,$d<1956- >.$0(OLS)http://semarc/name/62656 245 10$aDopo lunga e penosa malattia /$cAndrea Vitali. 250 $a1. rist. 264 1$aMilano :$bGarzanti,$c2008. 300 $a176 p. ;$c22 cm 490 1 $aNarratori moderni 830 0$aNarratori moderni.$0(OLS)http://semarc/title/7202 850 $aSeMil 852 $aSeMil$W1$xVenegono$y1$m1B V 264$j251060$B251000$CSeMilBibl$Z2$F251000 $81 961 $aAndreini don Luca - Omaggio 996 $6020$a978-88-11-68652-1$9(OLS)http://semarc/number/301307 996 $6245$aDopo lunga e penosa malattia$9(OLS)http://semarc/title/450380 996 $6264$aMilano :$bGarzanti$9(OLS)http://semarc/publisher/29852 LEADER 01020nam a2200241 i 4500 001 000000190418 003 CaOOAMICUS 005 20100615000000.0 008 100615s1960 it u000 u ita u 013 $a168827 040 $aSeMil$bita 100 1 $aKrein, Daniela.$0(OLS)http://semarc/name/69630 240 10$aKonrad Adenauer und seine Familie.$0(OLS)http://semarc/title/274325 245 10$aKonrad Adenauer e la sua famiglia /$cDaniela Krein. 260 $aModena :$bEdizioni Paoline,$cstampa 1960. 300 $a198 p. :$bill. ;$c19 cm. 490 0 $aBiografie di contemporanei ;$v20 600 14$aAdenauer, Konrad <1876-1967>.$0(OLS)http://semarc/subject/9118 830 0$aBiografie di contemporanei ;$v20.$0(OLS)http://semarc/title/6178 850 $aSeMil 852 $aSeMil$W1$xVenegono$y1$m3H I 350$j141037$B141037$CSeMilBibl$Z2$F152664 $81 996 $6245$aKonrad Adenauer e la sua famiglia$9(OLS)http://semarc/title/274324 996 $6260$aModena :$bEdizioni Paoline$9(OLS)http://semarc/publisher/40063 LEADER 01277nam a2200205 i 4500 001 000000196738 003 CaOOAMICUS 005 20110201000000.0 008 110201s1585 xx u000 u lat u 013 $a175421 040 $aSeMil$bita 245 13$aDe morbis cutaneis et de omnibus corporis humani excrementis tractatus locupletissimus ; Quibus accessit ... pulcherrimus tractatus de decoratione. 260 $aVenezia :$bapud Paulum Meietum,$c1585. 300 $a17 x 23 ;$cvol. 1 con due tomi ;$ccc. I, 106 ;$cII, 48 ;$cgr. e rom. 500 $aNella seconda opera le ultime pagine dell'indice sono erroneamente legate dopo la carta 35. - Descrizione da : Incunaboli e Cinquecentine della Biblioteca del Seminario di Milano / catalogo a cura di Ubaldo Valentini, Milano 1981. - Numero di catalogo : 1107. 700 1 $aMercuriale, Girolamo <1530-1606>.$0(OLS)http://semarc/name/71292 850 $aSeMil 852 $aSeMil$W1$xVenegono$y1$mFV.E II 23$j147301$B147301$CSeMilBibl$Z2$F158863 $86 996 $6245$aDe morbis cutaneis et de omnibus corporis humani excrementis tractatus locupletissimus ; Quibus accessit ... pulcherrimus tractatus de decoratione$9(OLS)http://semarc/title/284079 996 $6260$aVenezia :$bapud Paulum Meietum$9(OLS)http://semarc/publisher/50896 LEADER 01010nam a2200241 i 4500 001 000000112497 003 CaOOAMICUS 005 20171023000000.0 008 171023s2000 it u000 u ita u 013 $a85181 040 $aSeMil$bita 240 10$aMaria Ward : Wörte für das Leben.$0(OLS)http://semarc/title/407558 245 10$aMary Ward :$bparole per la vita /$cM. Immolata Wetter. 260 $aRovereto :$bIstituto B. V. Maria,$cstampa 2000. 300 $a109 p. :$bill. ;$c21 cm. 600 14$aWard, Mary .$0(OLS)http://semarc/subject/11122 700 1 $aWetter, M. Immolata.$0(OLS)http://semarc/name/87173 700 1 $aWard, Mary <1585-1645>.$0(OLS)http://semarc/name/93006 850 $aSeMil 852 $aSeMil$W1$xVenegono$y1$m3G III 386$j68244$B68244$CSeMilBibl$Z2$F74182 $81 961 $aOmaggio: Altro 996 $6245$aMary Ward :$bparole per la vita$9(OLS)http://semarc/title/407557 996 $6260$aRovereto :$bIstituto B. V. Maria$9(OLS)http://semarc/publisher/57074 LEADER 01511nam a2200313 i 4500 001 000000349543 003 CaOOAMICUS 005 20220303135930.0 008 220303s2021 gw a m u000 u eng u 013 $a237096 020 $a978-3-11-072076-1 040 $aSeMil$bita 100 1 $aTekoniemi, Timo Tapani ,$d<1991- >.$0(OLS)http://semarc/name/115513 245 14$aThe textual history of 2 Kings 17 /$cTimo Tapani Tekoniemi. 264 1$aBerlin ; Boston :$bDe Gruyter,$c2021. 300 $axii, 311 p. ;$c24 cm 490 1 $aBeihefte zur Zeitschrift für die alttestamentliche Wissenschaft ;$v536 502 $aTesto rivisto della tesi, University of Helsinki 504 $aBibliography, p. 275-288 650 4$aBibbia. Antico Testamento. 2 Re - Commentari, studi, critica, interpretazioni.$0(OLS)http://semarc/subject/13596 650 4$aBibbia. Antico Testamento. 2 Re, 17.$0(OLS)http://semarc/subject/51784 650 4$aBibbia - Redazione del testo.$0(OLS)http://semarc/subject/40538 830 0$aBeihefte zur Zeitschrift für die alttestamentliche Wissenschaft ;$v536.$0(OLS)http://semarc/title/294 850 $aSeMil 852 $aSeMil$W1$xVenegono$y1$m2XA Q 536$j231979$B240586$CSeMilBibl$Z2$F240586 $81 996 $6020$a978-3-11-072076-1$9(OLS)http://semarc/number/295348 996 $6245$aThe textual history of 2 Kings 17$9(OLS)http://semarc/title/439135 996 $6264$aBerlin ; Boston :$bDe Gruyter$9(OLS)http://semarc/publisher/36449